Statistics for Countries that Beat Armenia

Click here to take the quiz!

General Stats

  • This quiz has been taken 22 times
  • The average score is 9 of 16

Answer Stats

RankCategoryAnswer% Correct
5Smallest non-island in AsiaIsrael | Kuwait | Qatar | Lebanon
90%
8First country alphabeticallyAfghanistan | Albania | Algeria | Andorra | Angola | Antigua and Barbuda | Argentina
86%
5Least populated former USSR republicEstonia | Latvia | Lithuania | Moldova
81%
3Last USSR republic to gain independenceKazakhstan | Turkmenistan
76%
2 (t)Former USSR republic with least border countriesEstonia | Moldova
71%
2Least populated Asian landlocked countryBhutan
62%
6Highest % area covered by mountainsBhutan | Tajikistan | Kyrgyzstan | Lesotho | Montenegro
62%
2Highest % of OrthodoxGreece
57%
2Most densely populated former USSR republicMoldova
57%
2Capital is the last alphabeticallyCroatia
52%
5Asian country that has the highest % of land covered by waterTaiwan | India | Brunei | Vietnam
52%
6Largest apricot producer in AsiaTurkey | Uzbekistan | Iran | Pakistan | Afghanistan
52%
5Asian country with highest tobacco consumption per capitaJordan | Syria | China | Lebanon
48%
8Least populous country whose first and last letter are the sameAlbania | Solomon Islands | Saint Vincent and the Grenadines | Antigua and Barbuda | Seychelles | Andorra | Saint Kitts and Nevis
43%
3Highest % of ChristiansEast Timor | Romania
33%
2Highest cancer death rate (all cancers)Mongolia
14%

Score Distribution

Percentile by Number Answered

Percent of People with Each Score

Your Score History

You have not taken this quiz